| 000 | 00397nam a2200145 4500 | ||
|---|---|---|---|
| 020 | _a9788120338517 | ||
| 082 | _a621.38043 KUM | ||
| 100 | _aKumar, I. Ravi | ||
| 245 | _aSignals and systems | ||
| 260 |
_aNew Delhi, India _bPHI Learning Ltd. _c2009 |
||
| 300 |
_axv, 563 p. _bill. ; |
||
| 500 | _aIncludes index | ||
| 650 | _a1. Signal theory (Telecommunication) 2. System analysis. | ||
| 942 | _cBK | ||
| 999 |
_c12317 _d12317 |
||